[Event "34th Chess Olympiad (women)"]
[Site "Istanbul"]
[Date "2000.11.04"]
[Round "7.1.2"]
[White "Sheremetieva, Marina"]
[Black "Zhu, Chen"]
[WhiteElo "2340"]
[BlackElo "2539"]
[WhiteCountry "MDA"]
[BlackCountry "CHN"]
[Result "0-1"]

1. e4 c5 2. Nf3 d6 3. Bb5+ Nd7 4. O-O Ngf6 5. Re1 a6 6. Bf1 e6 7. c3 b5 
8. d4 Bb7 9. e5 Nd5 10. a4 c4 11. axb5 axb5 12. Rxa8 Qxa8 13. Ng5 dxe5 
14. dxe5 h6 15. Qh5 g6 16. Qh3 Bg7 17. Nf3 Nc7 18. Nd4 Bd5 19. Na3 Qb8 
20. f4 O-O 21. f5 exf5 22. Bxh6 Re8 23. Bxg7 Kxg7 24. Qg3 Qb6 25. Kh1 Be4 
26. b3 Qc5 27. b4 Qxe5 28. Qxe5+ Rxe5 29. Kg1 Nb6 30. Kf2 Na4 31. Rc1 f4 
32. Be2 Rd5 33. Nf3 g5 34. h3 Kh6 35. Bd1 Nb2 36. Be2 f5 37. Ra1 Bxf3 
38. Bxf3 Rd3 39. Nb1 Nd1+ 40. Kg1 Nxc3 41. Nxc3 Rxc3 42. Ra7 Ne8 43. Ra6+ Kg7 
44. Rb6 Nf6 45. Rxb5 Rc1+ 46. Kf2 Ne4+ 47. Bxe4 fxe4 48. Rxg5+ Kf6 49. h4 e3+ 
50. Ke2 Rc2+ 51. Ke1 c3 52. Rc5 Rxg2 53. Rxc3 Ke5 54. b5 Ke4 55. b6 Ke5 
0-1

[Event "34th Chess Olympiad (women)"]
[Site "Istanbul"]
[Date "2000.11.04"]
[Round "7.1.3"]
[White "Xu, Yuhua"]
[Black "Susterman, Anja"]
[WhiteElo "2505"]
[BlackElo "2223"]
[WhiteCountry "CHN"]
[BlackCountry "MDA"]
[Result "1-0"]

1. e4 c5 2. Nf3 e6 3. d4 cxd4 4. Nxd4 a6 5. Bd3 Bc5 6. Nb3 Ba7 7. Qe2 Nc6 
8. Be3 Nge7 9. Nc3 O-O 10. O-O Bxe3 11. Qxe3 e5 12. Rad1 d6 13. Rd2 Be6 
14. Nd5 Ng6 15. Nb6 Rb8 16. Bc4 Qe7 17. Rfd1 Rbd8 18. Nd5 Bxd5 19. Bxd5 Qc7 
20. Qc3 Rc8 21. Bxc6 Qxc6 22. Qxc6 Rxc6 23. c3 Rc4 24. f3 f5 25. exf5 Nh4 
26. Rxd6 Nxf5 27. Re6 Nh4 28. Rd7 Ng6 29. Rb6 
1-0

[Event "34th Chess Olympiad (women)"]
[Site "Istanbul"]
[Date "2000.11.04"]
[Round "7.2.2"]
[White "Ioseliani, Nana"]
[Black "Sziva, Erika"]
[WhiteElo "2476"]
[BlackElo "2311"]
[WhiteCountry "GEO"]
[BlackCountry "NED"]
[Result "1-0"]

1. d4 Nf6 2. Nf3 g6 3. c4 Bg7 4. g3 d6 5. Bg2 O-O 6. O-O c5 7. Nc3 Nc6 
8. d5 Na5 9. Nd2 e5 10. b3 a6 11. Bb2 Rb8 12. Qc2 b5 13. Rae1 Nh5 14. Nd1 Bh6 
15. e3 Bf5 16. e4 Bd7 17. Ne3 b4 18. Qd1 Nb7 19. Bc1 a5 20. Nf5 Bg5 21. h4 Bf6 
22. Nh6+ Kh8 23. Bf3 Bg7 24. Nf5 gxf5 25. Bxh5 f4 26. Kh2 Qf6 27. Bg4 Bxg4 
28. Qxg4 Rg8 29. Nf3 Bh6 30. Qh3 a4 31. g4 Qd8 32. g5 Bf8 33. Qf5 Qe7 
34. Bb2 Bg7 35. h5 f6 36. h6 Bf8 37. gxf6 Qf7 38. Rg1 Bxh6 39. Bxe5 Rxg1 
40. Rxg1 Re8 41. Bb2 
1-0

[Event "34th Chess Olympiad (women)"]
[Site "Istanbul"]
[Date "2000.11.04"]
[Round "7.3.1"]
[White "Zhukova, Natalia"]
[Black "Botsari, Anna-Maria"]
[WhiteElo "2450"]
[BlackElo "2325"]
[WhiteCountry "UKR"]
[BlackCountry "GRE"]
[Result "1-0"]

1. Nf3 d5 2. c4 d4 3. g3 c5 4. b4 g6 5. Bb2 Bg7 6. Bg2 e5 7. O-O Ne7 
8. bxc5 O-O 9. e3 Nec6 10. Na3 Na6 11. Nb5 Be6 12. Rc1 Nxc5 13. Ba3 Nd3 
14. Rb1 a6 15. Nd6 Qa5 16. Qb3 Nc5 17. Bxc5 Qxc5 18. Nxb7 Qxc4 19. Qb6 Ne7 
20. Ng5 Bd5 21. Bxd5 Nxd5 22. Qa5 dxe3 23. fxe3 Nf6 24. Nd6 Qd3 25. Ndxf7 Rxf7 
26. Nxf7 Kxf7 27. Rb7+ Kg8 28. Qc7 Nh5 29. Rb8+ 
1-0

[Event "34th Chess Olympiad (women)"]
[Site "Istanbul"]
[Date "2000.11.04"]
[Round "7.3.2"]
[White "Makropoulou, Marina"]
[Black "Zatonskih, Anna"]
[WhiteElo "2284"]
[BlackElo "2446"]
[WhiteCountry "GRE"]
[BlackCountry "UKR"]
[Result "1-0"]

1. e4 e6 2. d4 d5 3. Nc3 Nf6 4. Bg5 dxe4 5. Nxe4 Be7 6. Bxf6 gxf6 7. Nf3 a6 
8. c4 f5 9. Nc3 Bf6 10. Qd2 c5 11. d5 O-O 12. Be2 e5 13. h4 b5 14. cxb5 Bb7 
15. Rh3 Kh8 16. Ng5 Bg7 17. Rf3 Qd7 18. O-O-O e4 19. Rh3 Qd6 20. g4 Be5 
21. Kb1 axb5 22. Nxb5 Qf6 23. gxf5 Na6 24. Nc3 Nb4 25. Ngxe4 Qxf5 26. Rf3 Qg6 
27. Qg5 Nxd5 28. Qxe5+ f6 29. Qf5 Nxc3+ 30. Nxc3 Bxf3 31. Qxg6 hxg6 
32. Bxf3 Rad8 33. Kc2 Kg7 34. Rg1 Rd4 35. h5 g5 36. Be4 Kh6 37. Bg6 Rf4 
38. Rg2 g4 39. Nd5 Rd4 40. Ne3 Kg5 41. Bf5 Kxh5 42. Bxg4+ Kg5 43. Be2+ Kf4 
44. b3 f5 45. Rg3 Ke4 46. Nc4 Rh8 47. Re3+ Kf4 48. Ne5 Rh2 49. Nd3+ Kg5 
50. Kc3 Re4 51. Rg3+ Kf6 52. Bf3 Reh4 53. a4 f4 54. Rg4 Rxg4 55. Bxg4 
1-0

[Event "34th Chess Olympiad (women)"]
[Site "Istanbul"]
[Date "2000.11.04"]
[Round "7.3.3"]
[White "Vasilevich, Tatjana"]
[Black "Kouvatsou, Maria"]
[WhiteElo "2429"]
[BlackElo "2223"]
[WhiteCountry "UKR"]
[BlackCountry "GRE"]
[Result "1/2-1/2"]

1. e4 c5 2. Nf3 Nc6 3. d4 cxd4 4. Nxd4 Qc7 5. Nc3 e6 6. Be3 a6 7. Be2 Nf6 
8. O-O Bb4 9. Nxc6 Bxc3 10. bxc3 Qxc6 11. Bd4 Nxe4 12. Bf3 f6 13. Re1 d5 
14. Bxe4 dxe4 15. Qh5+ g6 16. Qh6 e5 17. Qg7 Rf8 18. Be3 Bf5 19. Red1 Rc8 
20. Bc1 Qc7 21. Qh6 Qxc3 22. Bd2 Qc7 23. Bb4 Rf7 24. Rd2 Rd8 25. Rad1 Rxd2 
26. Qxd2 Rd7 27. Bd6 Qc4 28. h3 g5 29. a3 Kf7 30. g4 Be6 31. Kh2 Qc6 
32. Kg3 Bc4 33. Qb4 a5 34. Qc3 b5 35. a4 b4 36. Qe3 Kg7 37. Bf8+ Kxf8 
38. Rxd7 Qxd7 39. Qc5+ Kg7 40. Qxc4 Qxa4 41. Qc7+ Kf8 42. Qd8+ Kf7 43. Qd5+ Ke7 
44. Qxe4 h6 45. Qh7+ Ke6 46. Qg8+ Kd6 47. Qd8+ Ke6 48. Qg8+ Ke7 49. Qg7+ Ke6 
50. Qg8+ Kd6 51. Qd8+ Kc5 52. Kh2 Kc4 53. Qd3+ Kc5 54. Qd8 Qa2 55. Kg3 a4 
56. Qf8+ Kd4 57. Qxb4+ Qc4 58. Qd2+ Kc5 59. Qa5+ Kc6 60. Qa8+ Kb5 61. Qb8+ Kc5 
62. Qf8+ Kd4 63. Qxf6 Qxc2 64. Qxh6 Qc3+ 65. Kh2 a3 66. Qe6 Qb2 67. Qd6+ Ke4 
68. Qc6+ Kd3 69. Qf3+ Kc2 70. Qe2+ Kb3 71. Qb5+ Ka2 72. Qd5+ Kb1 73. Qd1+ Ka2 
74. Qd5+ Kb1 75. Qd1+ Qc1 76. Qb3+ Ka1 77. Kg2 Qb2 78. Qd1+ Ka2 79. Qd5+ Kb1 
80. Qd1+ Ka2 81. Qd5+ Kb1 
1/2-1/2

[Event "34th Chess Olympiad (women)"]
[Site "Istanbul"]
[Date "2000.11.04"]
[Round "7.4.1"]
[White "Hoang, Thanh"]
[Black "Hunt, Harriet"]
[WhiteElo "2489"]
[BlackElo "2454"]
[WhiteCountry "VIE"]
[BlackCountry "ENG"]
[Result "1-0"]

1. d4 Nf6 2. c4 e6 3. Nc3 Bb4 4. Qc2 O-O 5. Nf3 b6 6. e4 d5 7. e5 Ne4 
8. Bd3 Bb7 9. O-O Bxc3 10. bxc3 h6 11. cxd5 exd5 12. c4 Na6 13. Rb1 c5 
14. cxd5 f5 15. d6 Nb4 16. Bc4+ Kh8 17. Qb2 Rb8 18. dxc5 bxc5 19. Be3 Nc6 
20. Qc1 Kh7 21. Rd1 Na5 22. Bd5 Bxd5 23. Rxb8 Qxb8 24. Rxd5 Qb7 25. Rd1 Qd7 
26. Nd2 Nxd2 27. Qxd2 Nc4 28. Qd5 
1-0

[Event "34th Chess Olympiad (women)"]
[Site "Istanbul"]
[Date "2000.11.04"]
[Round "7.4.2"]
[White "Lalic, Susan"]
[Black "Vo, Hong Phuong"]
[WhiteElo "2315"]
[BlackElo "2261"]
[WhiteCountry "ENG"]
[BlackCountry "VIE"]
[Result "1/2-1/2"]

1. e4 e5 2. Nf3 Nc6 3. d4 exd4 4. Nxd4 Bc5 5. Nxc6 Qf6 6. Qd2 Qxc6 7. Nc3 Ne7 
8. Be2 O-O 9. O-O Qg6 10. Kh1 d6 11. Na4 Qxe4 12. Nxc5 dxc5 13. Bd3 Qh4 
14. Qc3 Qh5 15. Re1 Nc6 16. Bf4 Bd7 17. Bxc7 Rfe8 18. Be4 Rac8 19. Bg3 b6 
20. Bf3 Qg6 21. Qd2 Bf5 22. Rxe8+ Rxe8 23. Re1 Rxe1+ 24. Qxe1 Bd7 25. c3 
1/2-1/2

[Event "34th Chess Olympiad (women)"]
[Site "Istanbul"]
[Date "2000.11.04"]
[Round "7.4.3"]
[White "Nguyen, Thi"]
[Black "Houska, Jovanka"]
[WhiteElo "2281"]
[BlackElo "2279"]
[WhiteCountry "VIE"]
[BlackCountry "ENG"]
[Result "1/2-1/2"]

1. d4 d5 2. c4 c6 3. Nf3 Nf6 4. Nc3 a6 5. c5 Bf5 6. Bf4 Nbd7 7. h3 h6 8. e3 e6 
9. Be2 Be7 10. Bh2 O-O 11. O-O Ne4 12. Nxe4 dxe4 13. Ne5 Nf6 14. b4 Nd5 
15. Qb3 Bh7 16. a4 f6 17. Nc4 f5 18. Be5 Bf6 19. Bd6 Be7 20. Be5 Bf6 
21. Bd6 Be7 22. Be5 
1/2-1/2

[Event "34th Chess Olympiad (women)"]
[Site "Istanbul"]
[Date "2000.11.04"]
[Round "7.5.1"]
[White "Madl, Ildiko"]
[Black "Galliamova, Alisa"]
[WhiteElo "2418"]
[BlackElo "2526"]
[WhiteCountry "HUN"]
[BlackCountry "RUS"]
[Result "0-1"]

1. e4 c5 2. Nf3 Nc6 3. d4 cxd4 4. Nxd4 Nf6 5. Nc3 e5 6. Ndb5 d6 7. Bg5 a6 
8. Na3 b5 9. Nd5 Be7 10. Bxf6 Bxf6 11. c3 Bg5 12. Nc2 Rb8 13. a4 bxa4 
14. Ncb4 Bd7 15. Bxa6 Nxb4 16. Nxb4 O-O 17. O-O Qf6 18. Qe2 Qh6 19. Bd3 Kh8 
20. Rfd1 Bd8 21. Bc2 f5 22. Bxa4 Bxa4 23. Rxa4 fxe4 24. Nd5 Qg6 25. b4 Rb7 
26. b5 h6 27. g3 e3 28. fxe3 Rbf7 29. Ra2 Qe4 30. Qg2 Rf3 31. b6 Bxb6 
32. Nxb6 Qxe3+ 33. Kh1 Qxb6 34. Ra8 Rxa8 35. Qxf3 Rc8 36. Qd3 Rf8 37. c4 Rf2 
38. Qe4 Qb2 39. Kg1 Re2 40. Qa8+ Kh7 41. Qf3 Qb6+ 42. Kh1 Rf2 43. Qe4+ Kg8 
44. Qd5+ Rf7 45. Kg2 Qf2+ 46. Kh3 Qf5+ 47. Kg2 Kh7 48. Qxd6 Qf3+ 49. Kg1 Qe3+ 
50. Kh1 e4 51. Ra1 Qf3+ 52. Kg1 Qf2+ 53. Kh1 e3 54. Qd3+ g6 55. Qe4 e2 
56. Rg1 Qxg1+ 
0-1

[Event "34th Chess Olympiad (women)"]
[Site "Istanbul"]
[Date "2000.11.04"]
[Round "7.5.2"]
[White "Kovalevskaya, Ekaterina"]
[Black "Lakos, Nikoletta"]
[WhiteElo "2475"]
[BlackElo "2327"]
[WhiteCountry "RUS"]
[BlackCountry "HUN"]
[Result "1/2-1/2"]

1. e4 c5 2. Nf3 e6 3. b3 b6 4. Bb2 Bb7 5. d3 d6 6. g3 Nf6 7. Bg2 Be7 8. O-O O-O 
9. c4 Nbd7 10. Nc3 a6 11. Re1 Qc7 12. d4 cxd4 13. Nxd4 Rfe8 14. Rc1 Rac8 
15. f4 Qb8 16. e5 dxe5 17. fxe5 Nxe5 18. Bxb7 Rcd8 19. Na4 Bb4 20. Re2 Bc5 
21. Bg2 Neg4 22. Rd2 Qe5 23. Nxc5 Qe3+ 24. Kh1 bxc5 25. Qe1 cxd4 26. Bxd4 Qh6 
27. h3 e5 28. Bc3 e4 29. Rxd8 Rxd8 30. Kg1 Ne3 31. Bh1 Nf5 32. Be5 Qxh3 
33. Bg2 Qh6 34. Bf4 Qh5 35. c5 g5 36. c6 gxf4 37. c7 Rc8 38. Qd2 Ne8 
39. Qxf4 Nfd6 40. Bxe4 Nxe4 41. Qxe4 Qg6 42. Qe3 Ng7 43. Kg2 Ne6 44. Qe5 Qg7 
45. Qxg7+ Kxg7 46. Rc6 Nxc7 47. Kf3 Kf8 48. Ke4 Ke7 49. Ke5 Re8 50. Rc4 Kd7+ 
51. Kf6 Re2 52. Ra4 Rf2+ 53. Kg7 Rg2 54. Kxf7 Rxg3 55. Rd4+ Kc6 56. Rh4 Rg2 
57. a4 Ra2 58. Rxh7 Rb2 59. Rh3 a5 60. Rc3+ Kb6 61. Rd3 Rc2 62. Ke7 Kc5 
63. Kd7 Nd5 64. Rd1 Rc3 65. Rb1 Kb4 66. Kd6 Nb6 67. Rh1 Rxb3 68. Rh4+ Ka3 
69. Kc6 Rb4 70. Rh1 Nxa4 71. Rh3+ Kb2 72. Rh5 Rc4+ 73. Kb5 Kb3 74. Kxa5 Nc3 
75. Rh3 Rc6 76. Rh6 Rc5+ 77. Kb6 Rg5 78. Rh4 
1/2-1/2

[Event "34th Chess Olympiad (women)"]
[Site "Istanbul"]
[Date "2000.11.04"]
[Round "7.5.3"]
[White "Grabics, Monika"]
[Black "Matveeva, Svetlana"]
[WhiteElo "2363"]
[BlackElo "2440"]
[WhiteCountry "HUN"]
[BlackCountry "RUS"]
[Result "1/2-1/2"]

1. e4 e6 2. d4 d5 3. Nc3 Nf6 4. Bg5 Be7 5. e5 Nfd7 6. Bxe7 Qxe7 7. f4 O-O 
8. Nf3 c5 9. Qd2 Nc6 10. dxc5 Qxc5 11. O-O-O Nb6 12. Kb1 Bd7 13. Bd3 Na5 
14. Bxh7+ Kxh7 15. Ng5+ Kg8 16. Qd3 Rfe8 17. Qh7+ Kf8 18. Qh8+ Ke7 19. Qh4 Rh8 
20. Nh7+ Ke8 21. Nf6+ gxf6 22. Qxh8+ Qf8 23. Qxf6 Nac4 24. Rd3 Qb4 25. b3 Na3+ 
26. Kb2 Bb5 27. Rg3 Nd7 28. Rg8+ Nf8 29. Rg7 Rc8 30. Qxf7+ Kd8 31. Qf6+ Ke8 
32. Qf7+ Kd8 33. Qf6+ Ke8 34. Qf7+ 
1/2-1/2

[Event "34th Chess Olympiad (women)"]
[Site "Istanbul"]
[Date "2000.11.04"]
[Round "7.6.1"]
[White "Danielian, Elina"]
[Black "Maric, Alisa"]
[WhiteElo "2389"]
[BlackElo "2435"]
[WhiteCountry "ARM"]
[BlackCountry "YUG"]
[Result "1/2-1/2"]

1. Nf3 Nf6 2. g3 d5 3. Bg2 c5 4. O-O Nc6 5. d4 cxd4 6. Nxd4 e6 7. c4 Bc5 
8. Nxc6 bxc6 9. Qc2 Be7 10. Nc3 O-O 11. Rd1 Bb7 12. e4 Qc7 13. Bg5 Rfd8 
14. exd5 cxd5 15. cxd5 Nxd5 16. Bxe7 Nxe7 17. Rxd8+ Rxd8 18. Bxb7 Qxb7 
19. Rd1 Rxd1+ 
1/2-1/2

[Event "34th Chess Olympiad (women)"]
[Site "Istanbul"]
[Date "2000.11.04"]
[Round "7.6.2"]
[White "Prudnikova, Svetlana"]
[Black "Mkrtchian, Lilit"]
[WhiteElo "2425"]
[BlackElo "2312"]
[WhiteCountry "YUG"]
[BlackCountry "ARM"]
[Result "1/2-1/2"]

1. d4 d5 2. c4 e6 3. Nc3 Nf6 4. Bg5 Be7 5. e3 h6 6. Bh4 O-O 7. Nf3 b6 
8. Qb3 Bb7 9. Bxf6 Bxf6 10. cxd5 exd5 11. Rd1 Re8 12. Bd3 c5 13. dxc5 Nd7 
14. c6 Bxc6 15. O-O Nc5 16. Qa3 Qe7 17. Bb5 Bxb5 18. Nxb5 Red8 19. Nbd4 Rac8 
20. Qb4 Qb7 21. Qb5 a6 22. Qe2 Ne4 23. Rc1 b5 24. Rfd1 Rc4 25. b3 Rc3 
26. Qe1 Rdc8 27. Rxc3 Nxc3 28. Rd2 b4 29. Rc2 g6 30. a4 Kg7 31. Qf1 Qb6 
32. Qd3 h5 33. Kf1 Rc5 34. Ne2 a5 35. h4 Qc7 36. Ned4 Qc8 37. g3 Qh3+ 
38. Kg1 Qg4 39. Kg2 Qe4 40. Rd2 Nb1 41. Rd1 Nc3 42. Rd2 Nb1 43. Rd1 Nc3 
1/2-1/2

[Event "34th Chess Olympiad (women)"]
[Site "Istanbul"]
[Date "2000.11.04"]
[Round "7.7.1"]
[White "Mazakova, Petra"]
[Black "Klinova, Masha"]
[WhiteElo "2319"]
[BlackElo "2350"]
[WhiteCountry "CZE"]
[BlackCountry "ISR"]
[Result "1/2-1/2"]

1. e4 g6 2. d4 Bg7 3. Nc3 c6 4. Be3 d5 5. e5 h5 6. f4 Nh6 7. Nf3 b6 8. g3 Ba6 
9. Bg2 e6 10. Ne2 Nd7 11. c3 Qc7 12. h3 c5 13. Qa4 Nf5 14. Bf2 Bxe2 15. Kxe2 b5 
16. Qb3 c4 17. Qc2 Ne7 18. g4 a5 19. a3 Bf8 20. Bh4 Bh6 21. Bxe7 Kxe7 
22. f5 gxf5 23. gxf5 Rag8 24. Rag1 Kd8 25. fxe6 fxe6 26. h4 Nf8 27. Bh3 Qe7 
28. a4 b4 29. b3 cxb3 30. Qxb3 Ng6 31. cxb4 Nf4+ 32. Kd1 Rxg1+ 33. Nxg1 Qxb4 
34. Qxb4 axb4 35. Ne2 Rf8 
1/2-1/2

[Event "34th Chess Olympiad (women)"]
[Site "Istanbul"]
[Date "2000.11.04"]
[Round "7.7.2"]
[White "Pitam, Ela"]
[Black "Jackova, Jana"]
[WhiteElo "2323"]
[BlackElo "2358"]
[WhiteCountry "ISR"]
[BlackCountry "CZE"]
[Result "0-1"]

1. c4 e5 2. Nc3 Nf6 3. Nf3 Nc6 4. g3 d5 5. cxd5 Nxd5 6. Bg2 Nb6 7. O-O Be7 
8. a3 O-O 9. b4 Re8 10. Rb1 Bf8 11. d3 a5 12. b5 Nd4 13. Re1 a4 14. Nd2 c6 
15. bxc6 Nxc6 16. Nde4 Be6 17. Ng5 Bb3 18. Rxb3 axb3 19. Qxb3 Re7 20. Be3 Nd4 
21. Bxd4 exd4 22. Nd5 Nxd5 23. Bxd5 Qd7 24. h4 Ra5 25. Be4 h6 26. Nh7 Qb5 
27. Qxb5 Rxb5 28. Nxf8 Kxf8 29. Rc1 f5 30. Bf3 Rd7 31. Rc4 Ke7 32. h5 Kd8 
33. a4 Ra5 34. Kg2 Ra6 35. Rb4 Kc8 36. g4 Kb8 37. gxf5 Ka7 38. Kg3 Rb6 
39. Rc4 Ka6 40. Rc5 Rb4 41. Re5 Rxa4 42. f6 gxf6 43. Re6+ Kb5 44. Rxf6 Ra6 
45. Rf5+ Ka4 46. e4 b5 47. Bd1+ Kb4 48. Kf4 Rb6 49. Bg4 Rc7 50. e5 Kc3 
51. e6 b4 52. Re5 Re7 53. Bd1 Rexe6 54. Rc5+ Kxd3 55. Bg4 Red6 56. Bf5+ Kd2 
57. Rc2+ Kd1 58. Bd3 b3 
0-1

[Event "34th Chess Olympiad (women)"]
[Site "Istanbul"]
[Date "2000.11.04"]
[Round "7.7.3"]
[White "Sikorova, Olga"]
[Black "Borsuk, Angela"]
[WhiteElo "2203"]
[BlackElo "2303"]
[WhiteCountry "CZE"]
[BlackCountry "ISR"]
[Result "1-0"]

1. e4 d6 2. d4 Nf6 3. Nc3 g6 4. Be3 a6 5. h3 b5 6. e5 Nfd7 7. f4 Bb7 8. Nf3 Bg7 
9. Bd3 O-O 10. O-O c5 11. e6 cxd4 12. Nxd4 Nc5 13. exf7+ Rxf7 14. Nf3 Nxd3 
15. Qxd3 Nd7 16. Ng5 Rf6 17. Nce4 Rf5 18. Ne6 Qc8 19. Nxg7 Kxg7 20. Bd4+ Kg8 
21. Ng5 Nc5 22. Qe3 Qc6 23. Rf2 Ne4 24. Nxe4 Qxe4 25. Qxe4 Bxe4 26. Re1 d5 
27. g4 Rf7 28. c3 e6 29. a4 Raf8 30. Bc5 Rc8 31. b4 h5 32. axb5 axb5 
33. Ra1 hxg4 34. hxg4 Re8 35. Bd4 Rh7 36. Rh2 Rxh2 37. Kxh2 Kf7 38. Kg3 Ke7 
39. Kh4 Kf7 40. Kg5 Bf3 41. Bf6 e5 42. Ra7+ Kf8 43. Bxe5 Re6 44. Bf6 Re1 
45. Kxg6 Bxg4 46. Ra8+ Re8 47. Bg7+ Ke7 48. Ra7+ Kd6 49. f5 Re3 50. f6 Be6 
51. f7 Rg3+ 52. Kh7 Rh3+ 53. Kg8 d4 54. Ra6+ Kd5 55. Rxe6 
1-0

[Event "34th Chess Olympiad (women)"]
[Site "Istanbul"]
[Date "2000.11.04"]
[Round "7.8.1"]
[White "Kachiani-Gersinska, Ketino"]
[Black "Radziewicz, Iweta"]
[WhiteElo "2448"]
[BlackElo "2379"]
[WhiteCountry "GER"]
[BlackCountry "POL"]
[Result "1-0"]

1. d4 e6 2. c4 b6 3. Nf3 Bb7 4. g3 Bb4+ 5. Bd2 Bxd2+ 6. Qxd2 Bxf3 7. exf3 Qf6 
8. Nc3 Qxf3 9. Rg1 Nc6 10. Be2 Qf5 11. d5 Nb4 12. Rc1 Nf6 13. g4 Qe5 
14. f4 Nd3+ 15. Qxd3 Qxf4 16. Kd1 h5 17. gxh5 Qxh2 18. Kc2 Rxh5 19. dxe6 Rh3 
20. exf7+ Ke7 21. Qd2 Kxf7 22. Rcf1 Qd6 23. Qxd6 cxd6 24. Rg2 Rc8 25. Ne4 Kf8 
26. Nxf6 gxf6 27. Rxf6+ Ke7 28. Rfg6 Rh7 29. Rg7+ Rxg7 30. Rxg7+ Ke6 
31. Kd3 Rh8 32. Bg4+ Ke5 33. Re7+ Kf4 34. Re4+ Kg3 35. Bxd7 Rh1 36. Bc6 Rd1+ 
37. Kc2 
1-0

[Event "34th Chess Olympiad (women)"]
[Site "Istanbul"]
[Date "2000.11.04"]
[Round "7.8.2"]
[White "Dworakowska, Joanna"]
[Black "Koglin, Anke"]
[WhiteElo "2371"]
[BlackElo "2302"]
[WhiteCountry "POL"]
[BlackCountry "GER"]
[Result "1-0"]

1. e4 c5 2. Nf3 Nc6 3. d4 cxd4 4. Nxd4 Qc7 5. Nc3 e6 6. Be3 a6 7. Be2 Nf6 
8. a3 b5 9. Nxc6 dxc6 10. f4 Bb7 11. O-O c5 12. e5 Nd7 13. Bf3 Rd8 14. Qe1 c4 
15. Bxb7 Qxb7 16. f5 Nxe5 17. Bf4 Nc6 18. fxe6 f6 19. Kh1 Bd6 20. Bxd6 Rxd6 
21. Ne4 Rd4 22. c3 Rd8 23. Nc5 Qe7 24. Nd7 Nb8 25. Nxb8 Rxb8 26. Rd1 Rb7 
27. Qe4 O-O 28. Qc6 Qc7 29. Qxa6 Qb6 30. Rd6 Qxa6 31. Rxa6 Re8 32. Rd1 Kf8 
33. Kg1 Ke7 34. Kf2 Rc8 35. Rd5 g6 36. Ke3 f5 37. Kd4 Kf6 38. Rd7 Rbb8 
39. h4 g5 40. e7+ Kf7 41. hxg5 Rg8 42. Rf6+ 
1-0

[Event "34th Chess Olympiad (women)"]
[Site "Istanbul"]
[Date "2000.11.04"]
[Round "7.8.3"]
[White "Trabert, Bettina"]
[Black "Zielinska, Marta"]
[WhiteElo "2259"]
[BlackElo "2376"]
[WhiteCountry "GER"]
[BlackCountry "POL"]
[Result "1/2-1/2"]

1. e4 e6 2. d4 d5 3. Nd2 c5 4. exd5 Qxd5 5. Ngf3 cxd4 6. Bc4 Qd6 7. O-O Nf6 
8. Nb3 Nc6 9. Nbxd4 Nxd4 10. Nxd4 a6 11. Re1 Qc7 12. Bb3 Bd6 13. Nf5 Bxh2+ 
14. Kh1 O-O 15. Nxg7 Rd8 16. Qf3 Kxg7 17. Bh6+ Kg6 18. c3 Nh5 19. Re4 Kxh6 
20. Rh4 Kg7 21. Qxh5 Bf4 22. Qg4+ Kf8 23. Qxf4 Qxf4 24. Rxf4 Ke7 25. Rd1 Rxd1+ 
26. Bxd1 e5 27. Rc4 Kd6 28. Rh4 Bf5 29. Bf3 Rb8 30. a4 a5 31. Kg1 Bg6 
32. Rc4 Bd3 33. Rh4 b5 34. axb5 Rxb5 35. Ra4 Bc2 36. Ra1 a4 37. Bd1 Rxb2 
38. Bxc2 Rxc2 39. Rxa4 Rxc3 40. Rh4 f5 41. Rxh7 f4 42. Kf1 
1/2-1/2

[Event "34th Chess Olympiad (women)"]
[Site "Istanbul"]
[Date "2000.11.04"]
[Round "7.9.1"]
[White "Tsiganova, Monika"]
[Black "Hernandez, Yudania"]
[WhiteElo "2225"]
[BlackElo "2322"]
[WhiteCountry "EST"]
[BlackCountry "ESP"]
[Result "1/2-1/2"]

1. d4 d5 2. c4 c6 3. Nf3 Nf6 4. e3 a6 5. b3 Bg4 6. Bd3 e6 7. Nbd2 Nbd7 
8. Bb2 Bb4 9. O-O Bxd2 10. Qxd2 Bxf3 11. gxf3 O-O 12. Kh1 b5 13. cxd5 cxd5 
14. Rac1 Re8 15. f4 Ne4 16. Bxe4 dxe4 17. d5 e5 18. Rg1 f6 19. d6 Rf8 
20. Qd5+ Rf7 21. Qxe4 exf4 22. Qxf4 Qe8 23. Rc7 Qe6 24. Rgc1 Re8 25. Rc8 Rff8 
26. Rxe8 Rxe8 27. Qd4 Qf5 28. f4 h5 29. Rd1 h4 30. Kg2 Kf8 31. Ba3 Rc8 
32. Rd2 Qg4+ 33. Kf2 Qh3 34. Ke1 Re8 35. Re2 Qf5 36. Kf2 a5 37. b4 a4 
38. Bb2 Ne5 39. h3 Nd7 40. Kg2 Qg6+ 41. Kf1 Qg3 42. Qd3 Qxh3+ 43. Ke1 Qh1+ 
44. Kd2 Qc6 45. Bd4 Rc8 46. Re1 Qd5 47. a3 h3 48. Qh7 Qa2+ 49. Kd1 Qb3+ 
50. Kd2 Nb6 51. Rg1 Qa2+ 52. Kd1 Qb3+ 53. Kd2 Qa2+ 54. Kd1 Qb3+ 55. Kd2 Qa2+ 
1/2-1/2

[Event "34th Chess Olympiad (women)"]
[Site "Istanbul"]
[Date "2000.11.04"]
[Round "7.9.2"]
[White "Nieves, Garcia"]
[Black "Fomina, Tatyana"]
[WhiteElo "2000"]
[BlackElo "2266"]
[WhiteCountry "ESP"]
[BlackCountry "EST"]
[Result "1-0"]

1. d4 d5 2. c4 Nc6 3. cxd5 Qxd5 4. e3 e5 5. Nc3 Bb4 6. Bd2 Bxc3 7. bxc3 Nf6 
8. f3 Qd6 9. Bd3 O-O 10. Ne2 Ne7 11. e4 c5 12. d5 Ng6 13. c4 Ne8 14. O-O Bd7 
15. Qc2 Qc7 16. Rfc1 Nd6 17. Nc3 Ne7 18. a4 f5 19. Nb5 Bxb5 20. axb5 f4 
21. Ra3 b6 22. Rca1 Ndc8 23. Bf1 g5 24. g3 Qd7 25. Bc3 Ng6 26. Qg2 Re8 
27. Qh3 Qe7 28. Qg4 Nd6 29. Ra4 Rec8 30. Bh3 Rc7 31. Qe6+ Qxe6 32. Bxe6+ Kg7 
33. gxf4 gxf4 34. Kf2 Kf6 35. Ke2 Nf8 36. Bg4 Rg7 37. Kd3 Ng6 38. Ra6 Rb7 
39. Be1 Ne8 40. h4 Ke7 41. h5 Nf8 42. Bh4+ Nf6 43. Bf5 Kf7 44. h6 Ng8 
45. Bg5 Ne7 46. Bh4 Neg6 47. Bf2 Ke8 48. Kc3 Ke7 49. Rxb6 axb6 50. Rxa8 Kf6 
51. Bc8 Rc7 52. d6 Rf7 53. Ra6 Ne6 54. Bxe6 Kxe6 55. Rxb6 Ra7 56. Ra6 Rb7 
57. Kd3 Nf8 58. Bxc5 Nd7 59. Bf2 Rb8 60. Ba7 Rc8 61. Rc6 Rg8 62. Bf2 Ra8 
63. c5 Ra2 64. Be1 Ra1 65. Bd2 Rf1 66. Ke2 Rb1 67. Rc8 Rxb5 68. Re8+ Kf6 
69. c6 Nb8 70. c7 
1-0

[Event "34th Chess Olympiad (women)"]
[Site "Istanbul"]
[Date "2000.11.04"]
[Round "7.9.3"]
[White "Piarnpuu, Leili"]
[Black "Timon, Piote Silvia"]
[WhiteElo "2227"]
[BlackElo "2246"]
[WhiteCountry "EST"]
[BlackCountry "ESP"]
[Result "1/2-1/2"]

1. Nf3 Nf6 2. c4 g6 3. d4 Bg7 4. g3 d5 5. cxd5 Nxd5 6. Bg2 Nb6 7. O-O Nc6 
8. e3 O-O 9. Nc3 Re8 10. Re1 e5 11. d5 Na5 12. e4 c6 13. dxc6 bxc6 14. b3 Qc7 
15. Be3 Ba6 16. Qc2 Rad8 17. Rad1 f6 18. Bf1 Bxf1 19. Rxf1 Bf8 20. Rxd8 Rxd8 
21. Rd1 Nb7 22. Ne1 Rxd1 23. Nxd1 Nd8 24. Nc3 Ne6 25. Qd3 Nc5 26. Qc2 Qd7 
27. Qd2 Qxd2 28. Bxd2 Ne6 29. Nd3 Nd4 30. Kg2 Kf7 31. f4 Ke6 32. Kf2 c5 
33. fxe5 fxe5 34. Nb2 Be7 35. h3 Bd8 36. Nba4 Nxa4 37. Nxa4 Kd6 38. Nb2 Ke6 
39. Nc4 Nb5 40. Ke2 Nd4+ 41. Kf2 Nb5 42. Ke2 Nd4+ 43. Kf2 
1/2-1/2

[Event "34th Chess Olympiad (women)"]
[Site "Istanbul"]
[Date "2000.11.04"]
[Round "7.10.1"]
[White "Babaeva, Fanara"]
[Black "Vijayalakshmi, Subbaraman"]
[WhiteElo "2257"]
[BlackElo "2378"]
[WhiteCountry "AZE"]
[BlackCountry "IND"]
[Result "0-1"]

1. e4 e5 2. Nf3 Nc6 3. Bc4 Bc5 4. c3 Nf6 5. d4 exd4 6. cxd4 Bb4+ 7. Nc3 Nxe4 
8. O-O Bxc3 9. d5 Bf6 10. Re1 Ne7 11. Rxe4 d6 12. Bg5 Bxg5 13. Nxg5 h6 
14. Qe2 hxg5 15. Re1 Be6 16. dxe6 f6 17. Re3 Kf8 18. Rh3 Rxh3 19. gxh3 Qe8 
20. Bd3 g6 21. Qf3 Kg7 22. Qxb7 Qb8 23. Qf3 d5 24. Re2 c6 25. Qg3 Qxg3+ 
26. hxg3 f5 27. Kg2 Kf6 28. Bc2 Rb8 29. Bd1 Rb4 30. f3 c5 31. Kf2 Rb6 32. a3 f4 
33. g4 Rxe6 34. Rxe6+ Kxe6 35. Ke2 Nc6 36. Kd3 Ne5+ 37. Kc3 d4+ 38. Kd2 Kd5 
39. b3 c4 40. bxc4+ Kxc4 
0-1

[Event "34th Chess Olympiad (women)"]
[Site "Istanbul"]
[Date "2000.11.04"]
[Round "7.10.2"]
[White "Meenakshi, S"]
[Black "Shukurova, Meihriban"]
[WhiteElo "2226"]
[BlackElo "2255"]
[WhiteCountry "IND"]
[BlackCountry "AZE"]
[Result "1-0"]

1. d4 Nf6 2. c4 g6 3. Nc3 Bg7 4. Nf3 O-O 5. g3 d6 6. Bg2 c6 7. O-O Qa5 
8. h3 Qa6 9. Qb3 Be6 10. d5 Bd7 11. e4 Rc8 12. Be3 Be8 13. Rfd1 Nfd7 14. Bf1 c5 
15. Bf4 Qb6 16. Qc2 Qa5 17. Re1 Ne5 18. Nxe5 Bxe5 19. Bg5 Qc7 20. h4 Kf8 
21. h5 Nd7 22. hxg6 hxg6 23. Bh3 Rcb8 24. Kg2 Bf6 25. Bxf6 Nxf6 26. Qd2 Bd7 
27. Qh6+ Kg8 28. Rh1 Nh5 29. Bxd7 Qxd7 30. f3 
1-0